000 00430nam a2200181Ia 4500
001 1672
005 20260306143745.0
008 260306t1970||||xx |||||||||||||| ||spa||
041 _aESP
082 _a153.93
_bG92
100 _aGuillaumin, Jean,
_eAUT
245 0 _aLa dinámica del exámen psicológico
260 _c1970
300 _a510 páginas :
_c23 cm.
650 _aGEN
654 _aCPS
942 _cLIB
_dJUS
_fJUS
_2ddc
_n
999 _c1672
_d1672